Statistics for Who Wrote That Political Philosophy Book

Click here to take the quiz!

General Stats

  • This quiz has been taken 35 times
  • The average score is 11 of 20

Answer Stats

Book Author % Correct
Das KapitalKarl Marx
97%
PoliticsAristotle
88%
RepublicPlato
88%
The PrinceNiccolo Machiavelli
85%
LeviathanThomas Hobbes
76%
The Social ContractJean-Jacques Rousseau
76%
Two Treatises of GovernmentJohn Locke
70%
On LibertyJohn Stuart Mill
58%
On the Genealogy of MoralityFriedrich Nietzsche
55%
The City of GodSaint Augustine
48%
Rights of ManThomas Paine
48%
A Theory of JusticeJohn Rawls
39%
A Vindication of the Rights of WomanMary Wollstonecraft
39%
Philosophy of RightGeorg W. F. Hegel
36%
Democracy in AmericaAlexis de Tocqueville
36%
The Human ConditionHannah Arendt
36%
Reflections on the Revolution in FranceEdmund Burke
24%
AnalectsConfucius
21%
Anarchy, State and UtopiaRobert Nozick
21%
The Concept of the PoliticalCarl Schmitt
12%

Score Distribution

Percentile by Number Answered

Percent of People with Each Score

Your Score History

You have not taken this quiz